Hobo Johnson Discography - Statistics

General Stats
  • This quiz has been taken 1 time
  • The average score is 16 of 51
Answer Stats
Hint Answer % Correct
The Rise of Hobo Johnson 3%
100%
The Fall of Hobo Johnson All in My Head
100%
The Rise of Hobo Johnson Creve Coeur 1
100%
The Rise of Hobo Johnson DeMarcus Cousins & Ashley
100%
The Rise of Hobo Johnson Father
100%
The Fall of Hobo Johnson February 15th
100%
The Fall of Hobo Johnson I Want A Dog
100%
The Rise of Hobo Johnson Jesus Christ
100%
The Rise of Hobo Johnson Mario & Link
100%
The Fall of Hobo Johnson Moonlight
100%
The Fall of Hobo Johnson Mover Awayer
100%
The Rise of Hobo Johnson Romeo & Juliet
100%
The Fall of Hobo Johnson Subaru Crosstrek XV
100%
The Fall of Hobo Johnson Typical Story
100%
The Fall of Hobo Johnson Uglykid
100%
The Fall of Hobo Johnson You & the Cockroach
100%
HOBO JOHNSON DRINKS! 100 FEET TALL
0%
Hobo Johnson Alienates His Fanbase All I see is Poop
0%
The Revenge of Hobo Johnson Anton LaVey
0%
HOBO JOHNSON DRINKS! BALLAD OF THE EVIL KET
0%
HOBO JOHNSON DRINKS! BIG DICK, BIG HEART
0%
HOBO JOHNSON DRINKS! DADS BED
0%
HOBO JOHNSON DRINKS! Dari#$%
0%
The Rise of Hobo Johnson Dear Labels
0%
HOBO JOHNSON DRINKS! DEER IN THE HEADLIGHTS
0%
Hobo Johnson Alienates His Fanbase (Drake Diss)
0%
HOBO JOHNSON DRINKS! FLOOD THE EARTH AGAIN
0%
The Fall of Hobo Johnson Happiness
0%
The Revenge of Hobo Johnson I Want to See the World
0%
The Revenge of Hobo Johnson I Want You Back
0%
HOBO JOHNSON DRINKS! JANSPORTS
0%
Hobo Johnson Alienates His Fanbase Jeff Besos
0%
The Revenge of Hobo Johnson Jordans House
0%
HOBO JOHNSON DRINKS! METAVERSE
0%
HOBO JOHNSON DRINKS! ME & YOU
0%
The Revenge of Hobo Johnson My Therapist
0%
The Fall of Hobo Johnson Ode to Justin Bieber
0%
The Revenge of Hobo Johnson Outro
0%
Hobo Johnson Alienates His Fanbase Outro
0%
The Revenge of Hobo Johnson Prequel to Animal Farm
0%
HOBO JOHNSON DRINKS! SACRAMENTO 12 STEP
0%
The Rise of Hobo Johnson Sex in the City
0%
The Revenge of Hobo Johnson Song 9 (The Government’s Not Great)
0%
Hobo Johnson Alienates His Fanbase sorry i can't look you in the eyes
0%
The Fall of Hobo Johnson Sorry, My Dear
0%
The Rise of Hobo Johnson The Ending
0%
Hobo Johnson Alienates His Fanbase Villian Of Himself
0%
Hobo Johnson Alienates His Fanbase What's the AQI of This Bong Rip?
0%
Hobo Johnson Alienates His Fanbase Why Socialism by Albert Einstein (edited for length)
0%
The Revenge of Hobo Johnson You Need Help
0%
The Revenge of Hobo Johnson You Want A Baby
0%
No matching quizzes found
Score Distribution
Percent of People with Each Score
Percentile by Number Answered
Your Score History
You have not taken this quiz